000 00328nam a2200133Ia 4500
005 20251222155119.0
008 251222s9999||||xx |||||||||||||| ||spa||
082 _aMEQ.159
100 _aESPINAS BOQUET, Jordi.
245 0 _aGuía de Actuación en Atención Primaria
250 _a1ra. ed.
264 _bSem Eyc
942 _cLIB
999 _c38373
_d38373